[Event "HUN-ch U16"]
[Site "Miskolc"]
[Date "2004.07.12"]
[Round "8"]
[White "Paal, Gergely"]
[Black "Szupera, Peter"]
[Result "1-0"]
[WhiteElo "1861"]
[BlackElo "1664"]
[PlyCount "99"]
[EventDate "2004.07.05"]
[EventType "swiss"]
[EventRounds "9"]
[EventCountry "HUN"]
[SourceTitle "EXT 2008"]
[Source "ChessBase"]
[SourceDate "2007.11.25"]
[SourceVersion "1"]
[SourceVersionDate "2007.11.25"]
[SourceQuality "1"]

1. e4 c5 2. Nf3 e6 3. d4 cxd4 4. Nxd4 a6 5. c4 Nf6 6. Nc3 Qc7 7. a3 Be7 8. Be2 d6 9. 0-0 Nbd7 10. f4 0-0 11. Be3 Re8 12. Kh1 b6 13. Qc2 Bb7 14. b4 Rac8 15. Rac1 Qb8 16. Bd3 Bf8 17. Qe2 Qa8 18. Bg1 g6 19. Nf3 Bh6 20. Nd2 d5 21. e5 Nh5 22. Qg4 dxc4 23. Be4 Bxe4 24. Ncxe4 f5 25. exf6 Nhxf6 26. Nxf6+ Nxf6 27. Qh4 c3 28. Nb3 Bg7 29. Bxb6 Ne4 30. Bc5 Qd5 31. Rfe1 Qxb3 32. Rxe4 Qxa3 33. Qe1 Kf7 34. Bd4 Bxd4 35. Rxd4 Rc7 36. Ra1 Qb2 37. Rb1 Rec8 38. h3 Qc2 39. g4 Rc4 40. Rd7+ Kf8 41. Rxh7 Rd8 42. Rh8+ Ke7 43. Rh7+ Kf8 44. Rh8+ Ke7 45. Qh4+ Kf7 46. Qh7+ Kf6 47. g5+ Kf5 48. Qf7+ Ke4 49. Qxg6+ Ke3 50. Re1+ 1-0